AFCON 2023 Teams - Statistics

General Stats
  • This quiz has been taken 211 times
  • The average score is 21 of 24
Answer Stats
Answer % Correct
Ivory Coast
97%
Morocco
97%
South Africa
97%
Egypt
96%
Senegal
95%
Nigeria
94%
Algeria
93%
Democratic Republic of the Congo
93%
Ghana
93%
Tunisia
91%
Guinea
90%
Zambia
90%
Angola
87%
Cameroon
84%
Mali
84%
Namibia
84%
Cape Verde
83%
Gambia
81%
Mozambique
81%
Equatorial Guinea
80%
Guinea-Bissau
78%
Mauritania
78%
Tanzania
78%
Burkina Faso
75%
No matching quizzes found
Score Distribution
Percent of People with Each Score
Percentile by Number Answered
Your Score History
You have not taken this quiz